书目信息 |
| 题名: |
电生理学基础
|
|
| 作者: | 雷迪根 , 施瓦茨 著 ;丁光宏 , 顾全保 主译 | |
| 分册: | ||
| 出版信息: | 上海 复旦大学出版社 2006.08 |
|
| 页数: | 166页 | |
| 开本: | 21cm | |
| 丛书名: | ||
| 单 册: | ||
| 中图分类: | Q424 | |
| 科图分类: | ||
| 主题词: | 电生理学--dian sheng li xue--研究生--教材 | |
| 电子资源: | ||
| ISBN: | 7-309-05040-1 | |
| 000 | 01258nam0 2200313 450 | |
| 001 | 012006799891 | |
| 005 | 20061220112424.73 | |
| 010 | @a7-309-05040-1@dCNY25.00 | |
| 100 | @a20061129d2006 km y0chiy0120 ea | |
| 101 | 1 | @achi@cger |
| 102 | @aCN@b310000 | |
| 105 | @aa a 001yy | |
| 200 | 1 | @a电生理学基础@Adian sheng li xue ji chu@f(德) 沃尔夫冈·施瓦茨, 约格·雷迪根著@F(de)wo er fu gang·shi wa ci,yue ge·lei di gen zhu@g丁光宏, 顾全保主译@Gding guang hong,gu quan bao zhu yi |
| 205 | @a第2版 | |
| 210 | @a上海@c复旦大学出版社@d2006.08 | |
| 215 | @a166页@c图 (部分彩图)@d21cm | |
| 300 | @a21世纪复旦大学研究生教学用书 | |
| 312 | @a英文题名取之封面 | |
| 320 | @a有书目和索引 | |
| 330 | @a本书介绍了电生理学的创立、发展历史和近年来的进展;概述了电化学的基本原理,涉及整体动物的电生理测定到应用膜片钳微电极技术在单个细胞电生理测定的基本方法等。 | |
| 500 | 10 | @aFoundations of electrophysiology@mChinese |
| 606 | 0 | @a电生理学@Adian sheng li xue@x研究生@j教材 |
| 690 | @aQ424@v4 | |
| 701 | 1 | @a雷迪根@Alei di gen@g(Rettinger, Jurgen)@4著 |
| 701 | 1 | @a施瓦茨@Ashi wa ci@g(Schwarz, Wolfgang)@4著 |
| 702 | 0 | @a丁光宏@Ading guang hong@4主译 |
| 702 | 0 | @a顾全保@Agu quan bao@4主译 |
| 801 | 0 | @aCN@c20061220 |
| 905 | @a10447@dQ424@eS500 | |
| 电生理学基础/(德) 沃尔夫冈·施瓦茨, 约格·雷迪根著/丁光宏, 顾全保主译.-第2版.-上海:复旦大学出版社,2006.08 |
| 166页:图 (部分彩图);21cm |
| 21世纪复旦大学研究生教学用书 |
| ISBN 7-309-05040-1:CNY25.00 |
| 本书介绍了电生理学的创立、发展历史和近年来的进展;概述了电化学的基本原理,涉及整体动物的电生理测定到应用膜片钳微电极技术在单个细胞电生理测定的基本方法等。 |
| ● |
| 相关链接 |
|
|
|
正题名:电生理学基础
索取号:Q424/S500
 
预约/预借
| 序号 | 登录号 | 条形码 | 馆藏地/架位号 | 状态 | 备注 |
| 1 | 229440 | 202294409 | 自科库401/401自科库 27排4列3层/ [索取号:Q424/S500] | 在馆 | |
| 2 | 229441 | 202294418 | 自科库401/401自科库 27排4列3层/ [索取号:Q424/S500] | 在馆 |